Clinical handbook of medical surgical nursing Includes bibliographics nad index

Na minha lista:
Detalhes bibliográficos
Autor principal: Wilma J Phipps
Formato: Livro
Idioma:Undetermined
Publicado em: Chicago The C.V.Mosby Co 1987
Assuntos:
Tags: Adicionar Tag
Sem tags, seja o primeiro a adicionar uma tag!
Thư viện lưu trữ: Trung tâm Học liệu Trường Đại học Cần Thơ
LEADER 00583nam a2200193Ia 4500
001 CTU_7684
008 210402s9999 xx 000 0 und d
082 |a 610.73 
082 |b P573 
100 |a Wilma J Phipps 
245 0 |a Clinical handbook of medical surgical nursing 
245 0 |b Includes bibliographics nad index 
245 0 |c Wilma J Phipps, Nancy F Woods 
260 |a Chicago 
260 |b The C.V.Mosby Co 
260 |c 1987 
650 |a nursing handbook, manuals 
904 |i Nguyễn Huỳnh Mai, 960827 
980 |a Trung tâm Học liệu Trường Đại học Cần Thơ